Kalkulácia nákladov a cenová politika v trhovej ekonomike

Salvato in:
Dettagli Bibliografici
Autore principale: Swoboda, Peter
Natura: Libro
Lingua:slovacco
Pubblicazione: Bratislava NOPPI 1992
Edizione:16. preprac. vyd.
Soggetti:
Tags: Aggiungi Tag
Nessun Tag, puoi essere il primo ad aggiungerne!!

MARC

LEADER 00000nam a2200000 4500
001 c002325
005 20221214085816.1
020 |a 80-900422-3-6 
041 0 |a slo 
044 |a SK 
245 1 0 |a Kalkulácia nákladov a cenová politika v trhovej ekonomike  |c Peter Swoboda 
250 |a 16. preprac. vyd. 
264 1 |a Bratislava  |b NOPPI  |c 1992 
300 |a 120 s. 
610 2 0 |a politika cenová 
610 2 0 |a kalkulácia nákladov 
610 2 0 |a hospodárstvo trhové 
610 2 0 |a účtovníctvo 
610 2 0 |a strediská nákladové 
610 2 0 |a podnik obchodný 
610 2 0 |a podnik priemyselný 
610 2 0 |a plánovanie podnikové 
100 1 |a Swoboda, Peter